Los camaristas de la reina (Record no. 171270)
[ view plain ]
| 000 -LEADER | |
|---|---|
| campo de control de longitud fija | 00688nam a22001575i 4500 |
| 001 - NÚMERO DE CONTROL | |
| campo de control | 171270 |
| 003 - IDENTIFICADOR DE NÚMERO DE CONTROL | |
| campo de control | ES-MaACL |
| 005 - FECHA Y HORA DE LA ÚLTIMA TRANSACCIÓN | |
| campo de control | 20240611162134.0 |
| 008 - DATOS DE LONGITUD FIJA--INFORMACIÓN GENERAL | |
| campo de control de longitud fija | 090507s1847 sp |||| | spa d |
| 245 04 - MENCIÓN DEL TÍTULO | |
| Título | Los camaristas de la reina |
| Resto del título | : comedia en un acto / |
| Mención de responsabilidad, etc. | traducida del francés por Francisco de Paula Montemar. |
| 260 ## - PUBLICACIÓN, DISTRIBUCIÓN, ETC. | |
| Lugar de publicación, distribución, etc. | Madrid : |
| Nombre del editor, distribuidor, etc. | [s.n.], |
| Fecha de publicación, distribución, etc. | 1847 ( |
| Fabricante | Impr. La Luneta) |
| 300 ## - DESCRIPCIÓN FÍSICA | |
| Extensión | 30 p. ; |
| Dimensiones | 17 cm. |
| 700 1# - ENTRADA AGREGADA--NOMBRE PERSONAL | |
| Nombre de persona | Montemar, Francisco de Paula, |
| Fechas asociadas al nombre | 1825-1889 |
| 9 (RLIN) | 130091 |
| 852 ## - LOCALIZACIÓN | |
| Ubicación | ES-MaACL |
| Número de control de estantería | F-8595(5) |
| Nota libre | .- Enc. pasta española |
| condición física | .- Falto de la cub. original |
| Nota libre | .- Enc. en un vol. facticio formando parte de la col. facticia "Teatro español moderno", vol. 48 |
| Estatus retirado | Estado de pérdida | Estado de daño | No para préstamo | Colección | Biblioteca de origen | Biblioteca actual | Ubicación en estantería | Fecha de adquisición | Fuente de adquisición | Total de préstamos | Signatura topográfica completa | Código de barras | Visto por última vez | Precio de reemplazo | Tipo de ítem Koha |
|---|---|---|---|---|---|---|---|---|---|---|---|---|---|---|---|
| Libros del s. XIX | Biblioteca del Ateneo de Madrid | Biblioteca del Ateneo de Madrid | Sala Pecera Planta 2 | 07/05/2009 | F-8595(5) | 1179738 | 23/02/2023 | 23/02/2023 | Libro impreso antiguo |
